000 00719nam a22002537a 4500
001 40187
003 UA-OsUOA
005 20200729180047.0
007 ta
008 20060719b un ||||| |||| 00| 0 ukr d
020 _a9665742531
040 _aUA-OsUOA
_bukr
_cUA-OsUOA
_dUA-OsUOA
041 _aukr
080 _a330.46
090 _a330.46
_bБ48
100 _aБереза А. М.
245 _aОснови створення інформаційних систем
_bнавч. посіб.
260 _aК.
_bКНЕУ
_c2001
300 _a214 с.
650 7 _a330 Економіка взагалі
_2UDC
942 _cBK
_2udc
955 _a2
999 _c326330
_d326330